000 00565nam a2200193 a 4500
001 9200
003 CO-ViMGA
008 141112s2004 ck r 000 u spa d
040 _aCO-ViMGA
_bspa
_cCO-ViMGA
082 0 4 _aMEVIGAPOR.68 G212r
100 1 _aGarcía Tomás, Jesús
_99740
245 1 0 _aRedes para proceso distribuido :
_bárea local, arquitecturas, rendimiento, banda ancha.
260 _aMexico :
_bAlfaomega,
_c1997
300 _a718p. : il
650 1 4 _aBANDA ANCHA
_99741
650 1 4 _aREDES
_97668
650 1 4 _aREDES DE AREA
_99742
942 _2ddc
_cBK
999 _c20740
_d20740